Housing finance and the urban poor (Record no. 403053)

000 -LEADER
fixed length control field 00389cam a22001457a 4500
008 - FIXED-LENGTH DATA ELEMENTS--GENERAL INFORMATION
fixed length control field 180718b2004 xxu||||| |||| 00| 0 eng d
020 ## - INTERNATIONAL STANDARD BOOK NUMBER
International Standard Book Number 81 7033 878 6
082 ## - DEWEY DECIMAL CLASSIFICATION NUMBER
Classification number XA04x54 Sm39
100 ## - MAIN ENTRY--PERSONAL NAME
Personal name Smets, Peer
245 ## - TITLE STATEMENT
Title Housing finance and the urban poor
Statement of responsibility, etc. by Peer Smets
260 ## - PUBLICATION, DISTRIBUTION, ETC.
Place of publication, distribution, etc. Jaipur
Name of publisher, distributor, etc. Rawat
Date of publication, distribution, etc. 2004
300 ## - PHYSICAL DESCRIPTION
Extent 263p.
650 ## - SUBJECT ADDED ENTRY--TOPICAL TERM
Topical term or geographic name entry element Urban poor - India
650 ## - SUBJECT ADDED ENTRY--TOPICAL TERM
Topical term or geographic name entry element Housing - Finance
Holdings
Withdrawn status Lost status Damaged status Not for loan Permanent Location Current Location Date acquired Full call number Barcode Date last seen Price effective from Koha item type
        Indian Institute of Public Administration Indian Institute of Public Administration 2004-10-30 XA04x54 Sm39 DA6252 2018-07-21 2018-07-21 DA

Powered by Koha